Lisístrata / Aristòfanes ; traducció i pròleg de Cristián Carandell
Descripción Física:
91 p. ; 18 cm
Otros Autores:
Carandell, Cristián, tr. i pr
MARC
| LEADER | 00000nam a2200000Ia 4500 | ||
|---|---|---|---|
| 001 | 8307 | ||
| 008 | 160829s1988 xx 000 0 cat d | ||
| 080 | |a L-1-167 | ||
| 100 | |a Aristòfanes |9 35377 | ||
| 245 | |a Lisístrata / Aristòfanes ; traducció i pròleg de Cristián Carandell | ||
| 260 | |a Barcelona : |b Institut del Teatre, Diputació de Barcelona, |c 1988 | ||
| 300 | |a 91 p. ; |c 18 cm | ||
| 490 | |a Col·lecció popular de teatre clàssic universal ; 32 | ||
| 700 | |a Carandell, Cristián, tr. i pr. |9 35378 | ||
| 710 | 1 | |a Institut del Teatre (Barcelona, Catalunya) |9 52662 | |
| 901 | |a Arxiu | ||
| 942 | |n 1 | ||
| 952 | |0 0 |1 0 |4 0 |6 L1167 |7 1 |9 46872 |a Arxiu |b Arxiu |d 2016-12-01 |l 0 |o L-1-167 |p 8307 |r 2016-12-01 00:00:00 |w 2016-12-01 |y ARXIU | ||
| 999 | |c 50665 |d 50665 | ||